| 000 | 01243nam a2200253Ia 4500 | ||
|---|---|---|---|
| 003 | Ost | ||
| 005 | 20260507075243.0 | ||
| 008 | 260507s9999||||xx |||||||||||||| ||und|| | ||
| 020 | _a4146129957 | ||
| 040 | _cfsecg | ||
| 041 | _aara | ||
| 082 | _a330 | ||
| 100 |
_aالخفاجي، نعمة عباس _eمؤلف |
||
| 245 | 0 |
_aقراءات في الفكر الاداري المعاصر : _bتباين الاهداف المتوخاة من تبني المسؤولية الاجتماعية في المنظمات الحكومية و الخاصة / _c نعمة عباس الخفاجي |
|
| 260 |
_aعمان: _bدار اليازوري, _c2008 |
||
| 300 |
_a355 صفحة؛ _bإيضاحات ؛ _c24 سم |
||
| 504 | _aمراجع ص.355 | ||
| 520 | _aالحاكمية و المنظور الأخلاقي لها في المؤسسات، الجودة ، العقل الاداري ، الريادة و رأس المال المعرفة ، الخطر ، الأخلاق و المسؤولية الاجتماعية . | ||
| 653 | _aالإدارة العامة | ||
| 653 | _aالمسؤولية الاجتماعية | ||
| 653 | _aالمنظمة الحكومية | ||
| 700 |
_aالغالبي، طاهر محسن _eمؤلف ثانوي |
||
| 942 | _cكتاب | ||
| 999 |
_c43637 _d43637 |
||